000 00313nam a2200109Ia 4500
008 171211s9999 xx 000 0 und d
245 _aDeep Tissue Massage: Hands-on Guide for Therapists
245 _cJane Johnson
260 _c2010
650 _xHEALTH
856 _uhttp://down.ebook777.com/017/9780736084703.pdf
999 _c348361
_d348361